Cristo y el universo: estudio linguístico y temático de Ef 1, 10b, en Efesios y en la obra de Irineo de Lyon

Uloženo v:
Podrobná bibliografie
Hlavní autor: Tosaus Abadía, José Pedro (Autor)
Médium: Kniha
Jazyk:španělština
Vydáno: Salamanca Universidad Pontificia de Salamanca 1995
Témata:
Tagy: Přidat tag
Žádné tagy, Buďte první, kdo vytvoří štítek k tomuto záznamu!

MARC

LEADER 00000nam a2200000 a 4500
001 UCY7384
003 CL-VaPUC
008 950614e19950000SP |||||||||||||||||spa|d
082 0 4 |a 227.5  |b TOS  |2 21 
100 0 |a Tosaus Abadía, José Pedro  |e author  |9 337897 
245 1 0 |a Cristo y el universo: estudio linguístico y temático de Ef 1, 10b, en Efesios y en la obra de Irineo de Lyon 
300 |a 341 p 
942 |c BK 
945 |d 19950614 00:00:00  |a aalvarez 
260 |a Salamanca  |b Universidad Pontificia de Salamanca  |c 1995 
650 0 |a Formas y géneros literarios  |9 324031 
583 |a last modification  |c 19950614 00:00:00  |k Rodrigo Vera 
999 |c 234785  |d 234783 
952 |0 0  |1 0  |4 0  |6 227_500000000000000_TOS_1995  |7 0  |8 A  |9 241477  |a BIBDER  |b BIBDER  |d 2019-11-18  |i 3090132  |o 227.5 TOS 1995  |p 3090132  |r 2023-01-25  |w 2019-11-18  |y BK  |k DER